The Man From Chinnamasta (Record no. 160152)

MARC details
000 -LEADER
fixed length control field 00514nam a22002177a 4500
003 - CONTROL NUMBER IDENTIFIER
control field dpl
005 - DATE AND TIME OF LATEST TRANSACTION
control field 20190116160740.0
008 - FIXED-LENGTH DATA ELEMENTS--GENERAL INFORMATION
fixed length control field 190116b ||||| |||| 00| 0 eng d
010 ## - LIBRARY OF CONGRESS CONTROL NUMBER
LC control number B-227182
020 ## - INTERNATIONAL STANDARD BOOK NUMBER
International Standard Book Number 8189020382
Terms of availability 250.00
024 ## - OTHER STANDARD IDENTIFIER
Terms of availability 250.00
035 ## - SYSTEM CONTROL NUMBER
System control number B-227182
040 ## - CATALOGING SOURCE
Transcribing agency 0
050 ## - LIBRARY OF CONGRESS CALL NUMBER
Classification number N-GOS
100 ## - MAIN ENTRY--PERSONAL NAME
Personal name Goswami, Indira
245 ## - TITLE STATEMENT
Title The Man From Chinnamasta
260 ## - PUBLICATION, DISTRIBUTION, ETC. (IMPRINT)
Place of publication, distribution, etc New Delhi
Name of publisher, distributor, etc Katha
Date of publication, distribution, etc 2006
300 ## - PHYSICAL DESCRIPTION
Dimensions 186p
942 ## - ADDED ENTRY ELEMENTS (KOHA)
Source of classification or shelving scheme Dewey Decimal Classification
Koha item type English Books
Classification part N
Call number suffix GOS
Holdings
Withdrawn status Lost status Source of classification or shelving scheme Damaged status Not for loan Collection code Home library Current library Date acquired Source of acquisition Cost, normal purchase price Total Checkouts Full call number Barcode Date last seen Date checked out Cost, replacement price Price effective from Koha item type
    Dewey Decimal Classification     Fiction Sarojini Nagar Sarojini Nagar 22/06/2019       N GOS B-227168 22/06/2019     22/06/2019 English Books
    Dewey Decimal Classification     Fiction Shahdara Branch Shahdara Branch 16/01/2019 BPPD/PUB 250.00 3 N GOS B-227182 31/10/2019 18/10/2019 250.00 16/01/2019 English Books

© Delhi Public Library
Hit Counter
free hit counter